000
00212nam a22000857a 4500
008
160818b xxu||||| |||| 00| 0 eng d
100
_9
172
_a
Goscinny R
245
_a
Magic Carpet
260
_a
USA
_b
Orion publication
_c
2004
999
_c
2830
_d
2830